| 000 | 00516nam a2200157Ia 4500 | ||
|---|---|---|---|
| 008 | 210210b1981 xxu||||| |||| 00| 0 eng d | ||
| 082 | _a530 SAVP | ||
| 100 | _aSAVELYEV (I V). | ||
| 245 | _aPhysics a general course: Quantum optics atomic physics solid state physics physics of the atomic nucleus & elementary particles. | ||
| 260 |
_aMoscow _bMir Publishers _c1981 |
||
| 300 | _a318 | ||
| 440 | _a3 | ||
| 650 | _aQuantum optics atomic physics solid state nucleus particles | ||
| 690 | _aPhysics | ||
| 906 | _a035340 | ||
| 999 |
_c85918 _d85918 |
||